000 00247nam a2200109Ia 4500
008 200302s9999 xx 000 0 und d
100 _aKormondy
245 _aConcepts of Ecology
260 _bPrentice-Hall Inc.
260 _c1998
300 _a559 P.,
999 _c1359
_d1359